Catálogo Biblioteca Central

La vocación del derecho administrativo de nuestro tiempo cincuenta años después : (Registro nro. 232578)

Detalles MARC
000 -CABECERA
campo de control de longitud fija 00791naa a22002057i 4500
001 - NÚMERO DE CONTROL
campo de control 232578
003 - IDENTIFICADOR DEL NÚMERO DE CONTROL
campo de control ES-MaBCM
005 - FECHA Y HORA DE LA ÚLTIMA TRANSACCIÓN
campo de control 20260312062530.0
008 - CÓDIGOS DE INFORMACIÓN DE LONGITUD FIJA
campo de control de longitud fija 260304s2025 sp ||||| ||||o00| 0 spa d
040 ## - FUENTE DE LA CATALOGACIÓN
Centro transcriptor ES-MaBCM
100 1# - PUNTO DE ACCESO PRINCIPAL - NOMBRE DE PERSONA
Nombre de persona Bauzá Martorell, Felio José
9 (RLIN) 4040
245 13 - MENCIÓN DE TÍTULO
Título La vocación del derecho administrativo de nuestro tiempo cincuenta años después :
Resto del título tributo a Alejandro Nieto
Mención de responsabilidad etc. Felio José Bauzá Martorell
504 ## - NOTA DE BIBLIOGRAFÍA, ETC.
Nota de bibliografía etc. Incluye referencias bibliográficas
600 17 - PUNTO DE ACCESO ADICIONAL DE MATERIA--NOMBRE DE PERSONA
Nombre de persona Nieto, Alejandro
Fechas asociadas al nombre (1930-2023)
Fuente del encabezamiento o término
9 (RLIN) 33618
650 #7 - PUNTO DE ACCESO ADICIONAL DE MATERIA--TÉRMINO DE MATERIA
Término de materia o nombre geográfico como elemento inicial Derecho administrativo
9 (RLIN) 58277
650 #7 - PUNTO DE ACCESO ADICIONAL DE MATERIA--TÉRMINO DE MATERIA
Término de materia o nombre geográfico como elemento inicial Ciencia jurídica
9 (RLIN) 58276
650 #7 - PUNTO DE ACCESO ADICIONAL DE MATERIA--TÉRMINO DE MATERIA
Término de materia o nombre geográfico como elemento inicial Historia del Derecho
9 (RLIN) 58879
773 0# - ENLACE AL DOCUMENTO FUENTE
Lugar editor y fecha de publicación Madrid
Parte(s) relacionada(s) N. 227 (mayo-ag. 2025), 32 p. - Loc. S.026
Título Revista de administración pública
Número de control del registro relacionado 104514
942 ## - ELEMENTOS DE PUNTO DE ACCESO ADICIONAL (KOHA)
Fuente del sistema de clasificación o colocación Universal Decimal Classification
Tipo de ítem Koha Artículos de revistas
Existencias
Estado de retiro Estado de pérdida Fuente del sistema de clasificación o colocación Estado dañado No para préstamo Localización permanente Ubicación/localización actual Ubicación en estantería Fecha de adquisición Total de préstamos Fecha visto por última vez Precio válido a partir de Tipo de ítem Koha
    Universal Decimal Classification     Biblioteca Central del Ministerio de la Presidencia Biblioteca Central del Ministerio de la Presidencia Sala 04/03/2026   04/03/2026 04/03/2026 Artículos de revistas